000 00552nam a22002057a 4500
003 OSt
005 20180322191121.0
008 180322b xxu||||| |||| 00| 0 eng d
020 _a9781118897843
040 _cDDC
082 _a003 DEN 2015
100 _aDennis, Alan; Wixon, Barbara H.; Roth, Roberta M.
_912569
245 _aSystem Analysis and Design
250 _a6th ed.
260 _aNew Jersay; John Wiley, 2015
300 _axiv,426p; col.ill: 25.5cm
504 _aIndex included
650 _aSystems analysis
_9449
942 _2z
_cB_BANK
999 _c6073
_d6073